Información gráfica : Viñetas y grabados ornamentales del siglo XVIII /

Furkejuvvon:
Bibliográfalaš dieđut
Váldodahkki: Rosa Olguín, Alfredo de la (selec.)
Materiálatiipa: Girji
Giella:espánnjágiella
Almmustuhtton: México : Archivo General de la Nación, Departamento de Publicaciones, 1980, c1980
Ráidu:(Información Gráfica, Archivo General de la Nación)
Fáttát:
Fáddágilkorat: Lasit fáddágilkoriid
Eai fáddágilkorat, Lasit vuosttaš fáddágilkora!

MARC

LEADER 00000nam^a2200000^a^4500
001 000187475
005 20250521000000.0
009 20260310102301.8
020 |a 968-805-102-0 
037 |a Acervo ITESO - Biblioteca 
041 |a ESP 
082 |a 709. 72  |b INF V. 5 
100 |a Rosa Olguín, Alfredo de la  |e (selec.) 
240 1 1 |a [Información Gráfica] 
245 1 0 |a Información gráfica :  |b Viñetas y grabados ornamentales del siglo XVIII /  |c Selec. de A. de la Rosa Olguín. 
264 4 |a México :  |b Archivo General de la Nación, Departamento de Publicaciones,  |c 1980, c1980 
300 |a 69 p. 
336 |a texto  |b txt  |2 rdacontenido 
337 |a sin mediación  |b n  |2 rdamedio 
338 |a volumen  |b nc  |2 rdasoporte 
440 1 |a (Información Gráfica, Archivo General de la Nación) 
649 |a XX 
650 |a Motivos Ornamentales -  |z México -  |x Historia -  |y Siglo XVIII 
650 |a Motivos Ornamentales -  |z México -  |x Historia -  |y Epoca Colonial, 1517-1821 
650 |a Decoración y Ornamentación -  |z México -  |x Historia -  |y Siglo XVIII 
650 |a Decoración y Ornamentación -  |z México -  |x Historia -  |y Epoca Colonial, 1517-1821 
650 |a Arte Virreinal -  |z México 
650 |a Arte Mexicano 
910 |a Fondo General 
920 |a Impresos - Libros 
930 |a Colección General 
905 |a 101 
901 |a 0088200100  |b IT1  |c ACC  |u 20250521 
902 |a https://opac.biblio.iteso.mx/vufind/Record/000187475